How to sample the epiphytic diversity of tropical rain forests (Registro nro. 9773)

Detalles MARC
000 -CABECERA
Campo de control 005120000a22001570004500
090 ## - CLASIFICACIÓN LOCAL
Colección AR
Consecutivo 00682
041 0# - IDIOMA
Código de idioma para texto/pista de sonido o título separado
100 1# - ASIENTO PRINCIPAL--NOMBRE PERSONAL
Nombre personal Gradstein, S. Rob
245 10 - MENCION DE TITULO
Título How to sample the epiphytic diversity of tropical rain forests
650 14 - ASIENTO SECUNDARIO DE MATERIA - TERMINO TEMATICO
Término temático o nombre geográfico como elemento de entrada Epífitas
650 14 - ASIENTO SECUNDARIO DE MATERIA - TERMINO TEMATICO
Término temático o nombre geográfico como elemento de entrada Riqueza de especies
650 14 - ASIENTO SECUNDARIO DE MATERIA - TERMINO TEMATICO
Término temático o nombre geográfico como elemento de entrada Sistemática vegetal
650 14 - ASIENTO SECUNDARIO DE MATERIA - TERMINO TEMATICO
Término temático o nombre geográfico como elemento de entrada Bosques lluviosos tropicales
773 1# - Item fuente:
Título Ecotropica: an International Journal of Tropical Ecology
Especificación de materiales 265
Descripción física 2
Paginas del Articulo 59-72
Lugar, editorial y fecha de publicación 1996
942 ## - ELEMENTOS ADICIONALES (KOHA)
Tipo de ítem Artículo
Existencias
Withdrawn status Lost status Damaged status No para préstamo Colección Ubicación Permanente Ubicación actual Fecha de adquisición Datos de publicación Seriada Total Checkouts Número topográfico Inventario / Código de Barras Date last seen Ejemplar Price effective from Forma de adquisición Tipo de material
      No para Préstamo Hemeroteca Bogotá Bogotá 27/02/2015 Fuera de circulación   AR 00682 010997 25/03/2015 1 25/03/2015   Artículo